Finde die 10 längsten Grenzen Europas - Statistiken

Allgemein
  • Dieses Quiz wurde 175 mal gespielt
  • Das Durchschnittsergebnis liegt bei 17 aus 20
Antwortstatistiken
Km Land % Korrekt
1944 km Russland
99%
1312 km Russland
99%
1309 km Russland
99%
796 km Polen
95%
801 km Deutschland
94%
1309 km Finnland
94%
1630 km Norwegen
94%
1630 km Schweden
92%
1944 km Ukraine
90%
1202 km Ukraine
90%
1111 km Ukraine
90%
1224 km Spanien
86%
1312 km Belarus
78%
1111 km Belarus
78%
1224 km Portugal
77%
796 km Tschechische republik
74%
801 km Österreich
72%
951 km Kroatien
58%
1202 km Moldawien
50%
951 km Bosnien und Herzegowina
48%
Keine übereinstimmenden Quizze gefunden
Verteilung der Resultate
Anzahl Personen mit jedem Resultat
Perzentil nach korrekt beantworteten Fragen
Ihre Resultats-Entwicklung
Sie haben dieses Quiz noch nicht gespielt